International Rugby - Teams that have defeated the South African Springboks - Statistics

General Stats
  • This quiz has been taken 1,236 times
    1,066 since last reset
  • The average score is 10 of 12
Answer Stats
Numbers of Wins Team % Correct
59 New Zealand
100%
37 Australia
99%
15 England
99%
7 Ireland
98%
11 France
97%
5 Scotland
97%
6 Wales
97%
3 Argentina
94%
1 Japan
91%
1 Italy
89%
17 British and Irish Lions
52%
1 South American Jaguars
6%
No matching quizzes found
Score Distribution
Percent of People with Each Score
Percentile by Number Answered
Your Score History
You have not taken this quiz since the last reset